00736nam a2200193 4500001000700000003000900007005001700016007000300033008004100036100003100077245015600108250001400264260004100278300002800319700002500347852003100372999001900403952012000422120865ES-MaACL20230906191634.0t|070214s1939 xxk r ||||1| eng d1 aPollock, Frederick.99284710aPollock's law torts b: a treatise on the principles of obligations arising from civil wrongs in the common law / cby Frederick Pollock, P. A. Landon. a14ยช. ed. aLondon : bStevens and Sons, c1939. aXLVI, 504 p. ; c25 cm.1 aLandon, P. A.969965 aES-MaACLjC-4302 bR.24137 c120865d120865 00104070aATENEOMbATENEOMcSPALd2008-01-17eSCl0oC-4302p1125974r2023-02-23 00:00:00w2023-02-23yMONOGRAFIA